| 000 | 00619nam a22001937a 4500 | ||
|---|---|---|---|
| 003 | OSt | ||
| 005 | 20260126071450.0 | ||
| 008 | 260126b |||||||| |||| 00| 0 eng d | ||
| 020 | _a971-510-095-3. | ||
| 040 |
_aDWC-Main Lib. _cOC |
||
| 082 | _aFil. 371.2 M323m 1995 | ||
| 100 | _aMaribao, Joel L. | ||
| 245 |
_aModels of school management: _b a filipino-christian perspective/ _cJoel L. Maribao |
||
| 260 |
_aPhilippines: _bLogos Publications, Inc., _cc1995. |
||
| 300 |
_a133 p. ; _c23 cm. |
||
| 500 | _aIncludes appendix and bibliography. | ||
| 650 | _a1. School Management. | ||
| 942 |
_2ddc _cBK - FIL _hFil. _n0 |
||
| 999 |
_c7811 _d7811 |
||